000 00686nam a2200265 i 4500
001 C2-0258531
003 PPAK
005 20180727225141.0
008 041007s2000 nyu |||| ||||| | eng d
020 _a0375810188
040 _aPPAK
_beng
_cPPAK
_erda
082 0 4 _a823
_223
090 0 0 _a823
_bCIE
_dK
100 1 _aCiencin, Scott,
_eauthor
245 1 0 _aReturn to lost city
264 1 _aNew York :
_bRandom House ,
_c2000
300 _a157 pages ;
_c20 cm
336 _2rdacontent
_atext
337 _2rdamedia
_aunmediated
338 _2rdacarrier
_avolume
490 1 _aRandom House
650 1 0 _aChildren's stories, English
830 0 _aRandom House
942 _ddc
_cB
999 _c70110
_d70110